000 00858 a2200217 4500
999 _c5376
_d5376
020 _a9780072870305 (acidfree paper)
020 _a0072870303 (acidfree paper)
050 0 0 _aQA 303.2 SMI 2007
100 1 _aSmith, Robert T.
_d1955-
245 1 0 _aCalculus :
_bearly transcendental functions : single variable /
_cRobert T. Smith, Roland B. Minton.
250 _a3rd ed.
264 _aBoston :
_bMcGrawHill
_c2007
300 _axxxii, 851p. :
_bill. ;
500 _aIncludes indexes.
650 0 _aCalculus
650 0 _aVariables (Mathematics)
700 1 _aMinton, Roland B.,
_d1956-
_eauthor
856 4 1 _3Table of contents
_uhttp://www.loc.gov/catdir/toc/ecip0516/2005020099.html
942 _2lcc
_cBK
_e3rd
_h303.2
_iSMI
_kQA